000 01163 a2200205 4500
001 31579
005 20260407155620.0
008 260407a1961 arg spa d
003 AR-UNSa-BCEJYS
040 _aAR-UNSa-BCEJYS
_bspa
_cAR-UNSa-BCEJYS
080 _a658.01
_xMetodología. Teoría y práctica de la organización( teoria de la organización, análisis organizacional...)
245 1 0 _aOrganización y dirección
264 1 _aMadrid :
_bEdiciones Rialp
_c1961
300 _a639 p.
_c24 cm.
505 _a1. El problema en líneas generales - 2. Naturaleza y fin de la organización - 3. Responsabilidades y relaciones funcionales. El papel de los especialistas - 4. ¿Pueden definirse las responsabilidades? - 5. Principios de organización - 6. Erección de la estructura - 7. Erección de la estructura - 8. Las responsabilidades de la alta dirección - 9. Centralización y descentralización - 10. Comités y coordinación - 11. Gráficos y criterios de organización - 12. Planificación de la organización y desarrollo de la dirección
041 _aspa
942 _cBK
590 _aniveau_biblio:m niveau_hierar:0
100 1 _aBrech, E.F.L.
999 _c2196
_d2196